• 首页
  • 本馆介绍
  • 公告通知
  • 最新文献
  • 馆藏检索
  • 电子资源
  • 读者导购
  • 参考咨询
  • 我的图书馆
  • 登录
  • 期刊详细显示
  • 现刊情况显示
  • 合订本情况显示
  • 篇目信息显示

期刊信息

  • 表格格式
  • 工作单格式
  • 卡片格式
索取号 
D9/FL
题名 
法律
作者 
中国人民大学书报资料中心
分册号 
分册名 
出版地 
北京
出版者 
标准刊号 
1001-2524
出版频率 
月刊
中图法分类 
D9
主题词 
法律
电子资源 
000 00560nas0 2200193 45
001 0738801843
005 2007100310464184
011    @a1001-2524@d¥22.80
091    @aCN111001
100    @a20071003d km y0chiy0120 ea
101 0  @achi
200 1  @a法律@AFa Lu@f中国人民大学书报资料中心@FZhong Guo Ren Min Da Xue Shu Bao Zi Liao Zhong Xin
210    @a北京
326    @a月刊
606 0  @a法律
690    @aD9@v4
711 02 @a中国人民大学书报资料中心@AZhong Guo Ren Min Da Xue Shu Bao Zi Liao Zhong Xin
801  0 @aCN@bPFT@c20071003
905    @a213230@dD9@eFL
    
    法律/中国人民大学书报资料中心.-北京
    
    
    
    ISSN 1001-2524:¥22.80
    
●
相关链接: 在易读查询期刊 在中国知网中查询期刊 在万方数据查询期刊 在维普查询期刊
唐山师范学院图书馆 欢迎您!
大连网信软件有限公司© 版权所有